[Event "EYCC Open-U12 2019"]
[Site "Bratislava"]
[Date "2019.08.10"]
[Round "9.2"]
[White "Tobak, Mikhail"]
[Black "Piliposyan, Robert"]
[Result "0-1"]
[WhiteElo "1943"]
[BlackElo "2156"]
[Annotator "NA"]
[PlyCount "122"]
[EventDate "2019.08.02"]
[EventType "swiss"]
[EventCountry "SVK"]
[SourceTitle "playchess.com"]
[Source "ChessBase"]
[SourceQuality "1"]
[TimeControl "40/5400+30:1800+30"]

1. e4 {[%emt 0:00:00]} c6 {[%emt 0:00:00]} 2. d3 {[%emt 0:00:00]} d5 {[%emt 0:00:00]} 3. Nd2 {[%emt 0:00:00]} g6 {[%emt 0:01:04]} 4. g3 {[%emt 0:00:09]} Bg7 {[%emt 0:00:05]} 5. Bg2 {[%emt 0:00:04]} e5 {[%emt 0:01:17]} 6. Ngf3 {[%emt 0:00:55]} Ne7 {[%emt 0:00:08]} 7. O-O {[%emt 0:01:02]} O-O {[%emt 0:00:05]} 8. Re1 {[%emt 0:02:23]} Qc7 {[%emt 0:00:45]} 9. Qe2 {[%emt 0:01:13]} d4 {[%emt 0:06:58]} 10. Rf1 {[%emt 0:08:12]} c5 {[%emt 0:09:14]} 11. a4 {[%emt 0:04:59]} Nbc6 {[%emt 0:04:25]} 12. Nc4 {[%emt 0:00:56]} b6 {[%emt 0:21:01]} 13. Nh4 {[%emt 0:04:55]} Be6 {[%emt 0:05:11]} 14. f4 {[%emt 0:06:34]} exf4 {[%emt 0:02:13]} 15. gxf4 {[%emt 0:08:08]} Bf6 {[%emt 0:07:00]} 16. Qf2 {[%emt 0:08:09]} Bxc4 {[%emt 0:02:41]} 17. dxc4 {[%emt 0:00:06]} Rad8 {[%emt 0:00:21]} 18. Ra3 {[%emt 0:07:04]} Na5 {[%emt 0:02:09]} 19. Rh3 {[%emt 0:05:05]} Nxc4 {[%emt 0:04:58]} 20. e5 {[%emt 0:04:05]} Bg7 {[%emt 0:00:47]} 21. b3 {[%emt 0:01:16]} Ne3 {[%emt 0:00:16]} 22. Bxe3 {[%emt 0:02:35]} dxe3 {[%emt 0:00:02]} 23. Rxe3 {[%emt 0:05:12]} f6 {[%emt 0:01:12]} 24. Qe1 {[%emt 0:03:51]} fxe5 {[%emt 0:00:40]} 25. fxe5 {[%emt 0:00:06]} Rxf1+ {[%emt 0:00:06]} 26. Bxf1 {[%emt 0:01:07]} Qd7 {[%emt 0:05:19]} 27. Bh3 {[%emt 0:10:11]} Qd4 {[%emt 0:04:22]} 28. Nf3 {[%emt 0:00:19]} Qf4 {[%emt 0:00:16]} 29. Kg2 {[%emt 0:01:25]} h6 {[%emt 0:10:19]} 30. Be6+ {[%emt 0:01:23]} Kh8 {[%emt 0:00:59]} 31. Re4 Qf8 {[%emt 0:00:45]} 32. Qe3 {[%emt 0:04:13]} Nc6 {[%emt 0:05:29]} 33. Bc4 {[%emt 0:04:23]} Ne7 {[%emt 0:01:43]} 34. Be6 {[%emt 0:00:59]} Nc6 {[%emt 0:00:10]} 35. Bh3 {[%emt 0:01:47]} Qe7 {[%emt 0:00:54]} 36. e6 {[%emt 0:01:42]} Kh7 {[%emt 0:02:08]} 37. Rg4 {[%emt 0:00:52]} Qf6 {[%emt 0:00:33]} 38. Qe4 {[%emt 0:01:05]} Ne7 {[%emt 0:02:33]} 39. Rf4 {[%emt 0:00:17]} Qc3 {[%emt 0:00:22]} 40. Rf7 {[%emt 0:00:00]} Re8 {[%emt 0:00:00]} 41. Qb7 {[%emt 0:07:59]} Nf5 {[%emt 0:08:42]} 42. Bxf5 {[%emt 0:08:51]} gxf5 {[%emt 0:00:22]} 43. Qd7 {[%emt 0:04:26]} Qxc2+ {[%emt 0:01:29]} 44. Nd2 {[%emt 0:01:45]} Qb2 {[%emt 0:04:38]} 45. Rxf5 {[%emt 0:08:51]} Rxe6 {[%emt 0:00:55]} 46. Qxe6 {[%emt 0:00:20]} Qxd2+ {[%emt 0:00:01]} 47. Rf2 {[%emt 0:00:34]} Qg5+ {[%emt 0:00:11]} 48. Kf1 {[%emt 0:00:25]} Qc1+ {[%emt 0:00:39]} 49. Qe1 {[%emt 0:00:13]} Qa3 {[%emt 0:04:41]} 50. Qb1+ {[%emt 0:00:30]} Kg8 {[%emt 0:01:56]} 51. Rf4 {[%emt 0:00:14]} a6 {[%emt 0:01:08]} 52. Re4 {[%emt 0:01:18]} Kf7 {[%emt 0:01:59]} 53. Qd1 {[%emt 0:00:43]} Qa1 {[%emt 0:01:02]} 54. Qxa1 {[%emt 0:00:33]} Bxa1 {[%emt 0:00:02]} 55. Ke2 {[%emt 0:01:30]} b5 {[%emt 0:00:23]} 56. Rf4+ {[%emt 0:00:42]} Kg6 {[%emt 0:01:27]} 57. Kd3 {[%emt 0:00:17]} Be5 {[%emt 0:00:38]} 58. Rf2 {[%emt 0:00:05]} Bc7 {[%emt 0:02:44]} 59. Ke4 {[%emt 0:00:45]} bxa4 {[%emt 0:00:15]} 60. bxa4 {[%emt 0:00:10]} Ba5 {[%emt 0:01:36]} 61. Ra2 {[%emt 0:02:35]} c4 {[%emt 0:01:09]} 0-1

[Event "EYCC Open-U12 2019"]
[Site "Bratislava"]
[Date "2019.08.10"]
[Round "9.3"]
[White "Vagman, Roy"]
[Black "Han, Yichen"]
[Result "1-0"]
[WhiteElo "1941"]
[BlackElo "2217"]
[Annotator "NA"]
[PlyCount "149"]
[EventDate "2019.08.02"]
[EventType "swiss"]
[EventCountry "SVK"]
[SourceTitle "playchess.com"]
[Source "ChessBase"]
[SourceQuality "1"]
[TimeControl "40/5400+30:1800+30"]

1. e4 {[%emt 0:00:00]} c5 {[%emt 0:00:00]} 2. Nc3 {[%emt 0:00:13]} d6 {[%emt 0:00:00]} 3. d4 {[%emt 0:00:47]} cxd4 {[%emt 0:00:00]} 4. Qxd4 {[%emt 0:00:22]} Nc6 {[%emt 0:00:00]} 5. Qd2 {[%emt 0:00:39]} Nf6 {[%emt 0:01:26]} 6. b3 {[%emt 0:00:44]} e6 {[%emt 0:00:58]} 7. Bb2 {[%emt 0:01:32]} Be7 {[%emt 0:00:43]} 8. O-O-O {[%emt 0:01:00]} O-O {[%emt 0:00:49]} 9. Kb1 {[%emt 0:00:34]} a6 {[%emt 0:01:16]} 10. f3 {[%emt 0:01:14]} b5 {[%emt 0:16:16]} 11. g4 {[%emt 0:01:31]} b4 {[%emt 0:03:23]} 12. Nce2 {[%emt 0:06:03]} Qa5 {[%emt 0:04:23]} 13. Nf4 {[%emt 0:03:38]} Rd8 {[%emt 0:04:18]} 14. h4 {[%emt 0:09:28]} d5 {[%emt 0:07:15]} 15. e5 {[%emt 0:10:11]} Nd7 {[%emt 0:00:30]} 16. Nh5 {[%emt 0:08:35]} d4 {[%emt 0:04:39]} 17. f4 {[%emt 0:03:59]} Bb7 {[%emt 0:02:06]} 18. Rh3 {[%emt 0:02:48]} Nb6 {[%emt 0:03:26]} 19. Bg2 {[%emt 0:06:07]} Nd5 {[%emt 0:04:04]} 20. Bxd5 {[%emt 0:00:50]} Rxd5 {[%emt 0:00:22]} 21. Nf3 {[%emt 0:05:36]} Rad8 {[%emt 0:04:06]} 22. Qd3 {[%emt 0:02:09]} Na7 {[%emt 0:02:09]} 23. Ng5 {[%emt 0:15:47]} g6 {[%emt 0:02:02]} 24. Nxh7 {[%emt 0:01:06]} Nb5 {[%emt 0:04:08]} 25. N5f6+ {[%emt 0:00:42]} Kg7 {[%emt 0:00:34]} 26. Nxd5 {[%emt 0:10:52]} Rxd5 {[%emt 0:00:07]} 27. Nf6 {[%emt 0:00:56]} Bxf6 {[%emt 0:06:57]} 28. exf6+ {[%emt 0:00:04]} Kxf6 {[%emt 0:00:07]} 29. Qd2 {[%emt 0:02:48]} Nc3+ {[%emt 0:02:57]} 30. Bxc3 {[%emt 0:00:36]} bxc3 {[%emt 0:00:12]} 31. Qc1 {[%emt 0:00:51]} Qc5 {[%emt 0:00:59]} 32. a4 {[%emt 0:00:54]} Bc6 {[%emt 0:01:11]} 33. Ka2 {[%emt 0:02:16]} Qb6 {[%emt 0:02:46]} 34. f5 {[%emt 0:00:57]} Bxa4 {[%emt 0:02:07]} 35. g5+ {[%emt 0:00:37]} Kg7 {[%emt 0:00:41]} 36. f6+ {[%emt 0:00:03]} Kg8 {[%emt 0:00:07]} 37. bxa4 {[%emt 0:00:43]} Ra5 {[%emt 0:00:08]} 38. Ka3 {[%emt 0:01:07]} Qc5+ {[%emt 0:03:47]} 39. Kb3 {[%emt 0:00:08]} Qd5+ {[%emt 0:00:26]} 40. Kb4 {[%emt 0:00:00]} Rc5 {[%emt 0:00:00]} 41. Ka3 {[%emt 0:09:13]} Rc4 {[%emt 0:05:24]} 42. Kb3 {[%emt 0:03:04]} a5 {[%emt 0:04:27]} 43. Rxc3 {[%emt 0:12:22]} Rxc3+ {[%emt 0:00:29]} 44. Kb2 {[%emt 0:00:09]} Qc5 {[%emt 0:03:28]} 45. Kb1 {[%emt 0:00:40]} Rc4 {[%emt 0:02:19]} 46. Rd3 {[%emt 0:00:47]} Rb4+ {[%emt 0:00:53]} 47. Rb3 {[%emt 0:00:41]} d3 {[%emt 0:02:34]} 48. Qd2 {[%emt 0:03:19]} Rxb3+ {[%emt 0:03:25]} 49. cxb3 {[%emt 0:00:11]} Qd5 {[%emt 0:00:10]} 50. Kb2 {[%emt 0:01:28]} e5 {[%emt 0:00:11]} 51. Qc3 {[%emt 0:01:14]} Kh7 {[%emt 0:06:50]} 52. Qc8 {[%emt 0:01:14]} Qd4+ {[%emt 0:01:16]} 53. Ka2 {[%emt 0:01:01]} Qf2+ {[%emt 0:01:25]} 54. Ka3 {[%emt 0:00:40]} Qe1 {[%emt 0:00:31]} 55. Ka2 {[%emt 0:00:23]} Qd2+ {[%emt 0:01:12]} 56. Ka3 {[%emt 0:00:46]} Qb4+ {[%emt 0:02:10]} 57. Kb2 {[%emt 0:00:17]} d2 {[%emt 0:02:46]} 58. Qd7 {[%emt 0:00:43]} d1=N+ {[%emt 0:00:55]} 59. Qxd1 {[%emt 0:00:11]} Qxh4 {[%emt 0:00:11]} 60. Qd5 {[%emt 0:00:53]} Qxg5 {[%emt 0:01:34]} 61. Qxf7+ {[%emt 0:00:25]} Kh6 {[%emt 0:00:04]} 62. Qf8+ {[%emt 0:00:51]} Kh5 {[%emt 0:00:11]} 63. Qh8+ {[%emt 0:00:14]} Kg4 {[%emt 0:00:08]} 64. Qc8+ {[%emt 0:00:18]} Kh4 {[%emt 0:01:07]} 65. f7 {[%emt 0:01:06]} Qd2+ {[%emt 0:00:26]} 66. Qc2 {[%emt 0:00:08]} Qd4+ {[%emt 0:00:15]} 67. Ka2 {[%emt 0:00:52]} Qf4 {[%emt 0:00:34]} 68. Qxg6 {[%emt 0:01:30]} Qf2+ {[%emt 0:00:58]} 69. Ka3 {[%emt 0:00:18]} Qc5+ {[%emt 0:00:24]} 70. Kb2 {[%emt 0:00:08]} Qf2+ {[%emt 0:00:42]} 71. Qc2 {[%emt 0:00:26]} Qxf7 {[%emt 0:00:35]} 72. Qh2+ {[%emt 0:00:03]} Kg4 {[%emt 0:00:27]} 73. Qxe5 {[%emt 0:00:41]} Qa7 {[%emt 0:00:09]} 74. Kc3 {[%emt 0:00:30]} Qf2 {[%emt 0:01:49]} 75. Qd4+ {[%emt 0:00:12]} 1-0

[Event "EYCC Open-U12 2019"]
[Site "Bratislava"]
[Date "2019.08.10"]
[Round "9.4"]
[White "Samadov, Read"]
[Black "Bat, Bilguun"]
[Result "1-0"]
[WhiteElo "2230"]
[BlackElo "2093"]
[Annotator "NA"]
[PlyCount "125"]
[EventDate "2019.08.02"]
[EventType "swiss"]
[EventCountry "SVK"]
[SourceTitle "playchess.com"]
[Source "ChessBase"]
[SourceQuality "1"]
[TimeControl "40/5400+30:1800+30"]

1. d4 {[%emt 0:00:00]} Nf6 {[%emt 0:00:00]} 2. c4 {[%emt 0:00:00]} e6 {[%emt 0:00:00]} 3. g3 {[%emt 0:00:10]} d5 {[%emt 0:00:09]} 4. Bg2 {[%emt 0:00:33]} Be7 {[%emt 0:00:17]} 5. Nf3 {[%emt 0:00:33]} O-O {[%emt 0:00:07]} 6. O-O {[%emt 0:00:32]} dxc4 {[%emt 0:00:20]} 7. Qc2 {[%emt 0:01:01]} b5 {[%emt 0:00:31]} 8. Nc3 {[%emt 0:12:05]} c6 {[%emt 0:03:40]} 9. b3 {[%emt 0:03:54]} b4 {[%emt 0:15:17]} 10. Nb1 {[%emt 0:05:51]} cxb3 {[%emt 0:00:55]} 11. axb3 {[%emt 0:00:10]} Ba6 {[%emt 0:02:12]} 12. Bb2 {[%emt 0:07:49]} Bb5 {[%emt 0:05:08]} 13. Ne5 {[%emt 0:04:39]} Nd5 {[%emt 0:03:49]} 14. Rc1 {[%emt 0:04:10]} a5 {[%emt 0:10:00]} 15. Nc4 {[%emt 0:06:24]} Nd7 {[%emt 0:12:58]} 16. e4 {[%emt 0:02:33]} N5f6 {[%emt 0:02:40]} 17. Nbd2 {[%emt 0:00:49]} h6 {[%emt 0:14:49]} 18. Ra2 {[%emt 0:04:48]} Ra7 {[%emt 0:03:40]} 19. Rca1 {[%emt 0:01:17]} Qc7 {[%emt 0:00:14]} 20. Rxa5 {[%emt 0:01:55]} Rfa8 {[%emt 0:00:08]} 21. Rxa7 {[%emt 0:01:35]} Rxa7 {[%emt 0:00:01]} 22. Qb1 {[%emt 0:07:07]} Qb7 {[%emt 0:02:07]} 23. e5 {[%emt 0:04:37]} Nd5 {[%emt 0:00:28]} 24. Ne4 {[%emt 0:01:41]} Rxa1 {[%emt 0:01:36]} 25. Qxa1 {[%emt 0:01:02]} Qa6 {[%emt 0:00:13]} 26. Qxa6 {[%emt 0:01:02]} Bxa6 {[%emt 0:00:02]} 27. Bf1 {[%emt 0:01:14]} f5 {[%emt 0:04:11]} 28. exf6 {[%emt 0:04:02]} N7xf6 {[%emt 0:00:19]} 29. Ned2 {[%emt 0:01:22]} Nc3 {[%emt 0:03:18]} 30. Bh3 {[%emt 0:01:05]} c5 {[%emt 0:02:21]} 31. Bxe6+ {[%emt 0:01:31]} Kf8 {[%emt 0:00:07]} 32. dxc5 {[%emt 0:08:00]} Bxc5 {[%emt 0:00:09]} 33. Ne3 {[%emt 0:01:54]} Ke7 {[%emt 0:04:57]} 34. Bc4 {[%emt 0:01:01]} Bb7 {[%emt 0:00:41]} 35. Bd3 {[%emt 0:02:19]} Nfd5 {[%emt 0:04:50]} 36. Ne4 {[%emt 0:04:16]} Nxe4 {[%emt 0:03:07]} 37. Bxe4 {[%emt 0:00:08]} Nxe3 {[%emt 0:00:07]} 38. Bxb7 {[%emt 0:00:06]} Nf5 {[%emt 0:00:07]} 39. Kg2 {[%emt 0:05:28]} Kd6 {[%emt 0:01:20]} 40. f4 {[%emt 0:00:00]} Bd4 {[%emt 0:00:00]} 41. Bc1 {[%emt 0:05:34]} Bc3 {[%emt 0:04:26]} 42. Ba6 {[%emt 0:01:35]} Kd5 {[%emt 0:04:14]} 43. Bd3 {[%emt 0:01:58]} Nd4 {[%emt 0:00:44]} 44. Bh7 {[%emt 0:00:43]} Ke6 {[%emt 0:16:56]} 45. Be3 {[%emt 0:08:44]} Kf7 {[%emt 0:00:39]} 46. Bd3 {[%emt 0:00:50]} Kf6 {[%emt 0:00:25]} 47. Bc4 {[%emt 0:00:12]} Kf5 {[%emt 0:00:11]} 48. Bd5 {[%emt 0:00:32]} Kf6 {[%emt 0:02:14]} 49. g4 {[%emt 0:02:04]} g5 {[%emt 0:02:25]} 50. h4 {[%emt 0:02:54]} gxf4 {[%emt 0:03:37]} 51. Bxf4 {[%emt 0:00:09]} Ne2 {[%emt 0:01:25]} 52. Bxh6 {[%emt 0:00:34]} Ke5 {[%emt 0:00:31]} 53. Bc4 {[%emt 0:00:40]} Nf4+ {[%emt 0:00:15]} 54. Kf3 {[%emt 0:00:15]} Ng6 {[%emt 0:00:21]} 55. h5 {[%emt 0:02:15]} Nh4+ {[%emt 0:00:32]} 56. Kf2 {[%emt 0:00:34]} Kf6 {[%emt 0:00:27]} 57. Bf4 {[%emt 0:00:17]} Be1+ {[%emt 0:00:32]} 58. Ke2 {[%emt 0:01:47]} Ng2 {[%emt 0:00:31]} 59. Bc1 {[%emt 0:00:19]} Bh4 {[%emt 0:00:18]} 60. Bd2 {[%emt 0:00:22]} Ke5 61. Bf4+ Kxf4 62. Be6 Ke5 63. Bc4 1-0

[Event "EYCC Open-U12 2019"]
[Site "Bratislava"]
[Date "2019.08.10"]
[Round "9.5"]
[White "Makridis, Dimitrios"]
[Black "Strybuk, Artsiom I"]
[Result "0-1"]
[WhiteElo "1798"]
[BlackElo "2193"]
[Annotator "NA"]
[PlyCount "94"]
[EventDate "2019.08.02"]
[EventType "swiss"]
[EventCountry "SVK"]
[SourceTitle "playchess.com"]
[Source "ChessBase"]
[SourceQuality "1"]
[TimeControl "40/5400+30:1800+30"]

1. e4 {[%emt 0:00:00]} e5 {[%emt 0:00:00]} 2. Nf3 {[%emt 0:00:00]} Nc6 {[%emt 0:00:00]} 3. Bc4 {[%emt 0:00:00]} Bc5 {[%emt 0:00:00]} 4. c3 {[%emt 0:00:00]} Nf6 {[%emt 0:00:00]} 5. d3 {[%emt 0:00:00]} O-O {[%emt 0:00:08]} 6. O-O {[%emt 0:01:26]} d6 {[%emt 0:00:06]} 7. Bb3 {[%emt 0:00:10]} Bb6 {[%emt 0:02:02]} 8. Nbd2 {[%emt 0:00:45]} Ne7 {[%emt 0:01:30]} 9. h3 {[%emt 0:03:31]} h6 {[%emt 0:02:43]} 10. Re1 {[%emt 0:00:09]} Ng6 {[%emt 0:01:28]} 11. Nf1 {[%emt 0:00:24]} c6 {[%emt 0:01:58]} 12. Ng3 {[%emt 0:00:31]} d5 {[%emt 0:08:04]} 13. exd5 {[%emt 0:14:33]} Nxd5 {[%emt 0:00:39]} 14. d4 {[%emt 0:01:33]} exd4 {[%emt 0:01:06]} 15. Nxd4 {[%emt 0:01:16]} Bc7 {[%emt 0:04:33]} 16. Bc2 {[%emt 0:08:45]} Ndf4 {[%emt 0:12:33]} 17. Bxf4 {[%emt 0:14:41]} Bxf4 {[%emt 0:06:06]} 18. Qf3 {[%emt 0:02:34]} Qc7 {[%emt 0:09:23]} 19. Nh5 {[%emt 0:07:56]} Bd7 {[%emt 0:06:16]} 20. Nxf4 {[%emt 0:07:07]} Qxf4 {[%emt 0:03:09]} 21. Qxf4 {[%emt 0:01:52]} Nxf4 {[%emt 0:00:02]} 22. Re7 {[%emt 0:01:06]} Rad8 {[%emt 0:01:58]} 23. Re4 {[%emt 0:09:16]} g5 {[%emt 0:10:31]} 24. Re3 {[%emt 0:06:19]} c5 {[%emt 0:03:35]} 25. Ne2 {[%emt 0:01:37]} Bc6 {[%emt 0:06:47]} 26. Nxf4 {[%emt 0:03:36]} gxf4 {[%emt 0:00:08]} 27. Re2 {[%emt 0:00:45]} f3 {[%emt 0:04:42]} 28. gxf3 {[%emt 0:00:13]} Bxf3 {[%emt 0:01:55]} 29. Re3 {[%emt 0:00:29]} Rd2 {[%emt 0:02:23]} 30. Bb3 {[%emt 0:05:41]} Bc6 {[%emt 0:00:49]} 31. Rd1 {[%emt 0:05:16]} Rxb2 {[%emt 0:04:53]} 32. Re7 {[%emt 0:01:37]} Kg7 {[%emt 0:00:27]} 33. Bc4 {[%emt 0:01:48]} Kf6 {[%emt 0:00:57]} 34. Re3 {[%emt 0:00:15]} Rg8+ {[%emt 0:00:33]} 35. Kf1 {[%emt 0:00:13]} Rg2 {[%emt 0:01:29]} 36. Be2 {[%emt 0:01:59]} Rh2 {[%emt 0:01:31]} 37. Rd6+ {[%emt 0:00:14]} Kg7 {[%emt 0:00:25]} 38. Rg3+ {[%emt 0:00:49]} Kf8 {[%emt 0:00:18]} 39. Rg1 {[%emt 0:00:33]} Rxa2 {[%emt 0:01:29]} 40. Rd8+ {[%emt 0:00:00]} Ke7 {[%emt 0:00:00]} 41. Rd3 {[%emt 0:01:15]} Ra1+ {[%emt 0:02:06]} 42. Rd1 {[%emt 0:00:24]} Rxd1+ {[%emt 0:00:08]} 43. Bxd1 {[%emt 0:00:05]} Rxh3 {[%emt 0:00:42]} 44. c4 {[%emt 0:00:33]} Rc3 {[%emt 0:00:52]} 45. Rg8 {[%emt 0:03:45]} Rxc4 {[%emt 0:00:49]} 46. f3 {[%emt 0:01:47]} Rc1 {[%emt 0:01:00]} 47. Ke2 {[%emt 0:00:06]} Bxf3+ {[%emt 0:00:37]} 0-1

[Event "EYCC Open-U12 2019"]
[Site "Bratislava"]
[Date "2019.08.10"]
[Round "9.6"]
[White "Ozkan, Taha"]
[Black "Pidluznij, Gleb"]
[Result "1-0"]
[WhiteElo "2140"]
[BlackElo "1947"]
[Annotator "ChessBase"]
[PlyCount "105"]
[EventDate "2019.08.02"]
[EventType "swiss"]
[EventCountry "SVK"]
[SourceTitle "playchess.com"]
[Source "ChessBase"]
[SourceQuality "1"]
[TimeControl "40/5400+30:1800+30"]

1. d4 {[%emt 0:00:00]} Nf6 {[%emt 0:00:00]} 2. c4 {[%emt 0:00:00]} g6 {[%emt 0:00:03]} 3. Nc3 {[%emt 0:00:00]} Bg7 {[%emt 0:00:15]} 4. e4 {[%emt 0:00:00]} d6 {[%emt 0:00:43]} 5. f3 {[%emt 0:00:11]} O-O {[%emt 0:00:34]} 6. Be3 {[%emt 0:00:06]} b6 {[%emt 0:00:12]} 7. Qd2 {[%emt 0:00:12]} c5 {[%emt 0:01:06]} 8. d5 {[%emt 0:00:07]} e6 {[%emt 0:01:05]} 9. dxe6 {[%emt 0:00:18]} Bxe6 {[%emt 0:00:28]} 10. O-O-O {[%emt 0:05:16]} Nc6 {[%emt 0:01:44]} 11. b3 {[%emt 0:04:57]} Nd7 {[%emt 0:20:24]} 12. Nge2 {[%emt 0:08:34]} Rc8 {[%emt 0:10:34]} 13. h4 {[%emt 0:08:56]} h5 {[%emt 0:05:41]} 14. Bg5 {[%emt 0:08:03]} Bf6 {[%emt 0:09:59]} 15. Nd5 {[%emt 0:18:34]} Bxd5 {[%emt 0:09:09]} 16. exd5 {[%emt 0:11:47]} Nce5 {[%emt 0:08:17]} 17. Ng3 {[%emt 0:08:06]} Bxg5 {[%emt 0:06:58]} 18. hxg5 {[%emt 0:01:12]} f5 {[%emt 0:02:18]} 19. f4 {[%emt 0:07:04]} Ng4 {[%emt 0:02:35]} 20. Re1 {[%emt 0:05:09]} Re8 {[%emt 0:01:39]} 21. Bd3 {[%emt 0:02:13]} Nf8 {[%emt 0:05:47]} 22. Nxf5 {[%emt 0:05:06]} Rxe1+ {[%emt 0:01:44]} 23. Qxe1 {[%emt 0:00:53]} gxf5 {[%emt 0:04:39]} 24. Bxf5 {[%emt 0:00:11]} Ne5 {[%emt 0:01:27]} 25. Qh4 {[%emt 0:04:55]} Neg6 {[%emt 0:04:15]} 26. Qxh5 {[%emt 0:00:16]} Nxf4 {[%emt 0:00:52]} 27. Qg4 {[%emt 0:00:28]} Ne2+ {[%emt 0:00:12]} 28. Kb2 {[%emt 0:00:43]} Qe7 {[%emt 0:00:37]} 29. Bxc8 {[%emt 0:00:38]} Qe5+ {[%emt 0:00:11]} 30. Ka3 {[%emt 0:00:16]} Nd4 {[%emt 0:00:46]} 31. Qd1 {[%emt 0:00:44]} a5 {[%emt 0:00:34]} 32. Re1 {[%emt 0:00:20]} Qxe1 {[%emt 0:00:08]} 33. Qxe1 {[%emt 0:00:34]} Nc2+ {[%emt 0:00:07]} 34. Ka4 {[%emt 0:00:23]} Nxe1 35. Kb5 {[%emt 0:00:05]} Nd3 {[%emt 0:00:38]} 36. Kxb6 {[%emt 0:00:11]} Nc1 {[%emt 0:00:37]} 37. Kxa5 {[%emt 0:00:38]} Nxa2 {[%emt 0:00:07]} 38. Kb6 {[%emt 0:00:25]} Nc1 {[%emt 0:01:57]} 39. Kc7 {[%emt 0:00:27]} Nxb3 {[%emt 0:00:24]} 40. Kxd6 {[%emt 0:00:00]} Kf7 {[%emt 0:00:00]} 41. Bf5 {[%emt 0:00:38]} Nd4 {[%emt 0:09:16]} 42. g4 {[%emt 0:06:08]} Ng6 {[%emt 0:00:30]} 43. Bxg6+ {[%emt 0:03:02]} Kxg6 {[%emt 0:00:26]} 44. Kxc5 {[%emt 0:00:50]} Nf3 {[%emt 0:00:37]} 45. d6 {[%emt 0:02:43]} Nxg5 {[%emt 0:00:23]} 46. d7 {[%emt 0:00:43]} Nf7 {[%emt 0:00:50]} 47. Kb6 {[%emt 0:01:22]} Kf6 {[%emt 0:00:09]} 48. Kc7 {[%emt 0:01:38]} Ke7 {[%emt 0:00:10]} 49. c5 {[%emt 0:00:49]} Nd8 {[%emt 0:00:10]} 50. c6 {[%emt 0:00:18]} Ne6+ {[%emt 0:00:31]} 51. Kc8 {[%emt 0:00:18]} Kd6 {[%emt 0:00:13]} 52. c7 {[%emt 0:00:42]} Nxc7 {[%emt 0:00:21]} 53. d8=Q+ {[%emt 0:00:08]} 1-0

[Event "EYCC Open-U12 2019"]
[Site "Bratislava"]
[Date "2019.08.10"]
[Round "9.7"]
[White "Makkar, Rajat"]
[Black "Vergara Anton, Diego"]
[Result "0-1"]
[WhiteElo "2064"]
[BlackElo "2183"]
[Annotator "NA"]
[PlyCount "106"]
[EventDate "2019.08.02"]
[EventType "swiss"]
[EventCountry "SVK"]
[SourceTitle "playchess.com"]
[Source "ChessBase"]
[SourceQuality "1"]
[TimeControl "40/5400+30:1800+30"]

1. Nf3 {[%emt 0:00:00]} d5 {[%emt 0:00:00]} 2. e3 {[%emt 0:00:02]} Nf6 {[%emt 0:00:29]} 3. c4 {[%emt 0:00:18]} e6 {[%emt 0:01:00]} 4. Nc3 {[%emt 0:00:24]} Be7 {[%emt 0:01:10]} 5. b3 {[%emt 0:00:36]} O-O {[%emt 0:01:02]} 6. Bb2 {[%emt 0:00:39]} c5 {[%emt 0:01:40]} 7. cxd5 {[%emt 0:00:28]} exd5 {[%emt 0:01:52]} 8. d4 {[%emt 0:01:05]} Nc6 {[%emt 0:02:58]} 9. Be2 {[%emt 0:01:35]} Bf5 {[%emt 0:06:47]} 10. O-O {[%emt 0:01:56]} Rc8 {[%emt 0:06:58]} 11. Rc1 {[%emt 0:01:04]} b6 {[%emt 0:05:20]} 12. Ba6 {[%emt 0:12:25]} Rc7 {[%emt 0:04:27]} 13. a3 {[%emt 0:12:18]} Nb8 {[%emt 0:06:24]} 14. Be2 {[%emt 0:00:51]} Rc8 {[%emt 0:06:43]} 15. Ne5 {[%emt 0:05:35]} a6 {[%emt 0:03:59]} 16. a4 {[%emt 0:07:36]} Re8 {[%emt 0:00:41]} 17. Bf3 {[%emt 0:02:55]} cxd4 {[%emt 0:02:06]} 18. Qxd4 {[%emt 0:05:49]} Bd6 {[%emt 0:02:00]} 19. Ng4 {[%emt 0:06:00]} Nxg4 {[%emt 0:03:39]} 20. Bxg4 {[%emt 0:01:37]} Nc6 {[%emt 0:04:25]} 21. Qd1 {[%emt 0:01:07]} Bxg4 {[%emt 0:00:31]} 22. Qxg4 {[%emt 0:01:07]} Ne5 {[%emt 0:01:51]} 23. Qd4 {[%emt 0:02:34]} Bc5 {[%emt 0:04:18]} 24. Qxd5 {[%emt 0:03:02]} Nd3 {[%emt 0:03:43]} 25. Qxd8 {[%emt 0:01:39]} Rexd8 {[%emt 0:00:07]} 26. Rb1 {[%emt 0:00:23]} Nxb2 {[%emt 0:03:05]} 27. Rxb2 {[%emt 0:00:26]} Bxe3 {[%emt 0:02:59]} 28. fxe3 {[%emt 0:06:34]} Rxc3 {[%emt 0:00:09]} 29. Re1 {[%emt 0:00:36]} Rdd3 {[%emt 0:02:05]} 30. b4 {[%emt 0:00:23]} Rxe3 {[%emt 0:02:12]} 31. Rxe3 {[%emt 0:00:10]} Rxe3 {[%emt 0:00:01]} 32. Rd2 {[%emt 0:00:17]} g6 {[%emt 0:00:51]} 33. Rd6 {[%emt 0:01:18]} Re6 {[%emt 0:01:46]} 34. Rd8+ {[%emt 0:01:51]} Kg7 {[%emt 0:00:01]} 35. Ra8 {[%emt 0:00:09]} b5 {[%emt 0:01:32]} 36. a5 {[%emt 0:00:09]} Rf6 {[%emt 0:03:52]} 37. g3 {[%emt 0:01:38]} Kh6 {[%emt 0:01:43]} 38. h4 {[%emt 0:00:54]} Kh5 {[%emt 0:02:47]} 39. Kg2 {[%emt 0:02:40]} Kg4 40. Re8 {[%emt 0:00:00]} Re6 {[%emt 0:00:00]} 41. Rf8 {[%emt 0:02:44]} Re2+ {[%emt 0:12:48]} 42. Kf1 {[%emt 0:01:13]} Re3 {[%emt 0:00:13]} 43. Ra8 {[%emt 0:01:04]} Rf3+ {[%emt 0:00:59]} 44. Ke2 {[%emt 0:00:11]} Rf6 {[%emt 0:00:19]} 45. Rb8 {[%emt 0:00:23]} Kxg3 {[%emt 0:02:37]} 46. Rb6 {[%emt 0:00:04]} Re6+ {[%emt 0:01:38]} 47. Kd3 {[%emt 0:00:32]} Kxh4 {[%emt 0:00:44]} 48. Kd4 {[%emt 0:00:04]} g5 {[%emt 0:01:43]} 49. Rb7 {[%emt 0:00:05]} g4 {[%emt 0:03:30]} 50. Rxf7 {[%emt 0:00:09]} h5 {[%emt 0:00:19]} 51. Kd5 {[%emt 0:00:13]} Rg6 {[%emt 0:00:41]} 52. Ke4 {[%emt 0:01:12]} g3 {[%emt 0:00:34]} 53. Rf4+ {[%emt 0:00:06]} Rg4 {[%emt 0:00:10]} 0-1